000 02154nam0a22004091 4500
001 v19\rc\2106497
005 20260406170525.0
035 _a(NLR Aleph) 005279171
090 _a6080026
_c6080026
100 _a20090914d1809 |||y0rusy50 ca
101 0 _arus
_ager
102 _aRU
135 _acrcn 024anaba
140 _ay y zz yaa0000
200 1 _aДоклад его императорскому величеству от Комитета учрежденнаго для разсмотрения лифляндских дел
210 _a[Санкт-Петербург
_d1809]
215 _a248 с.
_d
300 _aТекст парал. на рус. и нем. яз.
316 _aЭкз. РНБ (18.304.3.13) в составном картонном пер., обтянутом мраморной бумагой. Корешок ледериновый темно-зеленый. На нижней крышке пер. экслибрис Рус. фонда ГПБ с шифром. На форзаце ярлык с шифром. На с.1, , 33, 248 круглый штамп ГПБ. Размер: 20,2х12,2х1,9 см
_5NLR: 18.304.3.13
321 1 _aСК 1801-1825 3648
325 _aКопия доступна в Электрон. б-ке РНБ
710 0 1 _aРоссия
_bКомитет для рассмотрения лифляндских дел
_3RU\NLR\AUTH\889937858
_9370526
801 0 _aRU
_bNLR
_c20090914
_gpsbo
801 1 _aRU
_bProSoft-M
_c20090914
_2rusmarc
801 2 _aRU
_bNLR
_c20100323
_2rusmarc
852 _aNLR
_j18.304.3.13
942 _cBOOK
980 _aNB
980 3 _akpcivil2020
980 3 _akp2020
980 3 _akp
981 2 2 _a(22) Материалы по истории России
_b(22) Политика
981 2 0 _a(20) Книжные памятники РНБ
_b(20) Русский книжный фонд